Cálculo proposicional implicativo clásico /

Guardado en:
Autor Principal: Monteiro, Antonio A. R. 1907-1980.
Otros Autores: Monteiro, Luiz Fernando.
Formato: Libro
Idioma:Spanish
Publicado: Bahía Blanca : Instituto de Matemática, 2005.
Series:Informe técnico interno (Instituto de Matemática, Universidad Nacional del Sur) ; no. 90
Etiquetas: Agregar Etiqueta
Sin Etiquetas, Sea el primero en etiquetar este registro!
LEADER 01074nam a22001815a 4500
001 MAT.inmabb002853
008 050928s2005####ag#a##########001#0#spa#d
005 20180406162652.0
245 1 0 |a Cálculo proposicional implicativo clásico /  |c Antonio A. R. Monteiro ; redactor: Luiz F. Monteiro. 
260 |a Bahía Blanca :  |b Instituto de Matemática,  |c 2005. 
300 |a iii, 106 p. :  |b il. ;  |c 30 cm. 
490 0 |a Informe técnico interno ;  |v no. 90 
500 |a "Estas notas reproducen el curso que dictara en la Universidad Nacional del Sur, en 1960 el Dr. Antonio Monteiro, donde presentó resultados originales, que nunca fueron publicados. Este curso tuvo gran influencia en la formación de sus discípulos, en particular en la tesis doctoral de Antonio Diego sobre álgebras de Hilbert" -- Pref. 
100 1 |a Monteiro, Antonio A. R.  |q (Antonio Aniceto Ribeiro),  |d 1907-1980. 
700 1 |a Monteiro, Luiz Fernando. 
830 0 |a Informe técnico interno (Instituto de Matemática, Universidad Nacional del Sur) ;  |v no. 90 
084 |a 03B05  |2 msc2000 
859 |k H  |p ITI-90  |b BIB. MATEMATICA